| 000 | 00515nam a2200181Ia 4500 | ||
|---|---|---|---|
| 005 | 20250326123617.0 | ||
| 008 | 250326s9999 xx 000 0 und d | ||
| 037 | _aTextbook | ||
| 040 |
_aFMSL _beng _cFMSL |
||
| 041 |
_aeng _2eng |
||
| 084 |
_aB281 L1 _qFMSL |
||
| 100 |
_aKempthorne O _9735618 |
||
| 245 | 0 |
_aProbability, statistics, and datd analysis _cKempthorne O; Folks L |
|
| 260 |
_aUSA _bUSA, Lowa State Univ. _c1971 |
||
| 300 | _a555p | ||
| 942 |
_cTB _hB281 L1 |
||
| 999 |
_c1270149 _d1270149 |
||